00517nam a2200169Ia 4500008004100000020001500041041000800056082001700064100001800081245005200099250000600151260001500157300001300172650001200185999001900197952013100216210716s2005 xx 000 0 und d a818714808X aeng a332.042 AGAH aAgarwal, H C. aIndian financial system and commercial banking. a1 aAgrac2005 aviii,353 aFinance c202671d202671 00102ddc40738MBAaAIMITbAIMITd2008-09-30g162.00l0o332.042 AGAHpMBA05237r2025-07-21 00:00:00v129.60w2021-07-16yBK